000 01122cam a22003014a 4500
001 12675630
005 20161022144835.0
008 020211s2002 ilua b b 000 0 eng
010 _a 2002102054
020 _a158779490X
040 _aDLC
_cDLC
_dDLC
042 _apcc
_alcac
050 0 0 _aQM27
_b.S945 2002
082 0 0 _aDC 612
_22002
_bSw3
100 1 _aSweeney, Kate
_c(Illustrator)
245 1 3 _aAn illustrated adventure in human anatomy :
_bblueprints for health /
_cwritten and illustrated by Kate Sweeney.
250 _aSecond Edition
260 _aSkokie, Ill. :
_bAnatomical Chart,
_cc2002.
300 _a56 pages :
_bcolor illustrations ;
_c28 cm.
504 _aIncludes bibliographical references (p. 56).
650 0 _aHuman anatomy
_vJuvenile literature.
650 1 _aHuman anatomy.
856 4 2 _3Publisher description
_uhttp://www.loc.gov/catdir/enhancements/fy0711/2002102054-d.html
365 _b1,080.00
_cPhp
906 _a7
_bcbc
_corignew
_d2
_eepcn
_f20
_gy-gencatlg
942 _2ddc
_cDC
999 _c5379
_d5379